|
|
|
|
| LEADER |
00000nab a2200000 ar4500 |
| 001 |
vtls009146145 |
| 003 |
SK-MaSNL |
| 005 |
20260303210620.0 |
| 008 |
190925c2007 xo wr|p|||||||000 b|slo |
| 038 |
|
|
|a PPPK
|
| 040 |
|
|
|a PPPKCL
|b slo
|c PPPKCL
|e AACR2
|
| 041 |
0 |
|
|a slo
|
| 044 |
|
|
|a xo
|c SK
|
| 080 |
|
|
|a 78.085.3
|2 1997
|
| 080 |
|
|
|a 792.027.5
|2 1997
|
| 080 |
|
|
|a 793.3:06.063
|2 1997
|
| 245 |
0 |
0 |
|a Trenďákom sa opäť darilo
|
| 610 |
2 |
7 |
|a Tanečný klub Trend (Poprad, Slovensko)
|2 pppkcl
|9 893798
|
| 611 |
2 |
7 |
|a Dance Rose
|d (2007:
|c Ružomberok, Slovensko)
|2 pppkcl
|9 1242575
|
| 648 |
|
7 |
|a 2007
|2 pppkcl
|9 313226
|
| 650 |
0 |
7 |
|a moderné tance
|2 pppkcl
|9 51518
|
| 650 |
0 |
7 |
|a choreografia
|2 pppkcl
|9 52282
|
| 650 |
0 |
7 |
|a tanečné súťaže
|2 pppkcl
|9 74115
|
| 651 |
|
7 |
|a Poprad (Slovensko)
|2 pppkcl
|9 20155
|
| 651 |
|
7 |
|a Ružomberok (Slovensko)
|2 pppkcl
|9 24370
|
| 773 |
0 |
|
|t Podtatranské noviny
|g Roč. XLVIII, č. 17 (2007), s. 6
|
| 852 |
|
|
|a PPPK
|b KIS3GCP
|
| 999 |
|
|
|c 2200949
|d 2202879
|